000 01174nam a2200301Ia 4500
001 ebr10254424
003 CaPaEBR
006 m u
007 cr cn|||||||||
008 080414s2008 enk sb 001 0 eng d
010 _z 2008016743
020 _z9780199550821
020 _z0199550824
040 _aCaPaEBR
_cCaPaEBR
035 _a(OCoLC)310749266
050 1 4 _aB72
_b.K445 2008eb
100 1 _aKenny, Anthony,
_d1931-
245 1 0 _aFrom Empedocles to Wittgenstein
_h[electronic resource] :
_bhistorical essays in philosophy /
_cAnthony Kenny.
260 _aOxford :
_bClarendon Press ;
_aNew York : Oxford University Press,
_c2008.
300 _aix, 218 p.
504 _aIncludes bibliographical references and index.
533 _aElectronic reproduction.
_bPalo Alto, Calif. :
_cebrary,
_d2009.
_nAvailable via World Wide Web.
_nAccess may be limited to ebrary affiliated libraries.
650 0 _aPhilosophy
_xHistory.
650 0 _aPhilosophy.
655 7 _aElectronic books.
_2local
710 2 _aebrary, Inc.
856 4 0 _uhttp://site.ebrary.com/lib/rucke/Doc?id=10254424
_zAn electronic book accessible through the World Wide Web; click to view
999 _c35136
_d35136